Statistics for Top 100 "H" Baby Boy Names - USA 2022

Click here to take the quiz!

General Stats

  • This quiz has been taken 113 times
  • The average score is 28 of 100

Answer Stats

Answer% Correct
Henri
98%
Henry
98%
Harry
95%
Harold
74%
Haiden
73%
Hayden
73%
Haris
72%
Harris
72%
Harvey
72%
Hunter
71%
Harrison
70%
Hans
62%
Hugh
62%
Hank
60%
Harley
57%
Harper
52%
Howard
51%
Hugo
51%
Herbert
50%
Hudson
50%
Hudsyn
50%
Hayes
49%
Hayze
49%
Haze
49%
Holden
48%
Heath
47%
Hector
45%
Hendricks
36%
Hendrix
36%
Hendrixx
36%
Haven
34%
Herman
34%
Harlan
33%
Harlen
33%
Harlow
30%
Hero
30%
Hiro
30%
Henderson
28%
Huxley
28%
Houston
27%
Hansel
26%
Hart
26%
Henrik
24%
Harlem
22%
Hendrick
22%
Hendrik
22%
Holland
22%
Hollis
22%
Hamilton
21%
Hardin
21%
Honor
21%
Hasan
19%
Hassan
19%
Hawk
19%
Hiram
19%
Hardy
17%
Henley
16%
Huck
16%
Humberto
16%
Halston
15%
Hezekiah
15%
Halo
14%
Hussain
14%
Hussein
14%
Hakeem
13%
Hernan
13%
Holt
13%
Halen
12%
Hogan
12%
Harland
10%
Huntley
10%
Huxton
10%
Hoyt
9%
Heston
8%
Hutton
8%
Hagen
7%
Hampton
7%
Hosea
7%
Huey
7%
Hadi
6%
Hamzah
6%
Hazen
6%
Holton
6%
Honest
6%
Haddon
5%
Hamzo
5%
Harun
5%
Hatcher
3%
Hyrum
3%
Haider
2%
Hawkins
2%
Hillel
2%
Hashim
1%
Heitor
1%
Helios
1%
Heriberto
1%
Hutson
1%
Haroon
0%
Hasani
0%
Haziel
0%

Score Distribution

Percentile by Number Answered

Percent of People with Each Score

Your Score History

You have not taken this quiz